| 000 | 00517nam a2200169 4500 | ||
|---|---|---|---|
| 008 | 171003b xxu||||| |||| 00| 0 eng d | ||
| 020 | _a0-256-05716-8 | ||
| 082 |
_21989 _aDC 519.5 _bAc9 |
||
| 100 |
_922925 _aAczel, Amir D |
||
| 245 |
_aComplete business statistics / _cAmir D. Aczel |
||
| 260 |
_aHomewood, IL : _bIrwin, _c©1989. |
||
| 300 |
_axvi, 1056 pages : _billustrations ; _c24 cm |
||
| 500 | _aIncludes index. | ||
| 650 | 0 |
_922926 _aCommercial statistics |
|
| 650 | 0 |
_922927 _aStatistics |
|
| 942 |
_2ddc _cDC |
||
| 999 |
_c7586 _d7586 |
||